Comillas / (Record no. 121265)

MARC details
000 -LEADER
campo de control de longitud fija 00677nam a2200193 4500
001 - NÚMERO DE CONTROL
campo de control 121265
003 - IDENTIFICADOR DE NÚMERO DE CONTROL
campo de control ES-MaACL
005 - FECHA Y HORA DE LA ÚLTIMA TRANSACCIÓN
campo de control 20230906191724.0
007 - CAMPO FIJO DE DESCRIPCIÓN FÍSICA--INFORMACIÓN GENERAL
campo de control de longitud fija t|
008 - DATOS DE LONGITUD FIJA--INFORMACIÓN GENERAL
campo de control de longitud fija 070214s1964 sp r ||||1| spa d
100 1# - ENTRADA PRINCIPAL--NOMBRE DE PERSONA
Nombre de persona Poo San Román, Julio.
9 (RLIN) 93076
245 10 - MENCIÓN DEL TÍTULO
Título Comillas /
Mención de responsabilidad, etc. Julio Poo San Román ; la traducción al francés por María Antonia García Polvorino ; la traducción al inglés por F. Pardo.
260 ## - PUBLICACIÓN, DISTRIBUCIÓN, ETC.
Lugar de publicación, distribución, etc. Santander :
Nombre del editor, distribuidor, etc. Bedia,
Fecha de publicación, distribución, etc. 1964.
300 ## - DESCRIPCIÓN FÍSICA
Extensión 122 p., 15 lám. ;
Dimensiones 17 cm.
500 ## - NOTA GENERAL
Nota general Texto en español, francés e inglés.
700 1# - ENTRADA AGREGADA--NOMBRE PERSONAL
Nombre de persona García Polvorino, María Antonia.
9 (RLIN) 55127
700 1# - ENTRADA AGREGADA--NOMBRE PERSONAL
Nombre de persona Pardo, F.
9 (RLIN) 88963
852 ## - LOCALIZACIÓN
Ubicación ES-MaACL
Número de control de estantería C-26123
Sublocalización o colección R.54767
Holdings
Estatus retirado Estado de pérdida Estado de daño No para préstamo Biblioteca de origen Biblioteca actual Ubicación en estantería Fecha de adquisición Fuente de adquisición Total de préstamos Signatura topográfica completa Código de barras Visto por última vez Precio de reemplazo Tipo de ítem Koha
        Biblioteca del Ateneo de Madrid Biblioteca del Ateneo de Madrid Depósito 2 17/01/2008     C-26123 1126383 23/02/2023 23/02/2023 Libro impreso